Città più popolosa non Capoluogo per ogni Regione - Statistics

Statistiche generali
  • Questo quiz è stato fatto 500 volte
    230 dall'ultimo reset
  • Il punteggio medio è 7 su 20
Statistiche sulle risposte
Popolazione Regione Città % Corretto
118 793 Campania Giugliano in Campania
70%
67 892 Emilia-Romagna Imola
48%
31 857 Molise Termoli
48%
54 137 Liguria Sanremo
44%
80 218 Sicilia Marsala
41%
81 447 Lazio Guidonia Montecelio
38%
83 784 Lombardia Busto Arsizio
37%
41 397 Trentino-Alto Adige Merano
36%
68 430 Sardegna Quartu Sant'Elena
35%
63 189 Toscana Viareggio
35%
60 925 Marche Fano
34%
74 002 Calabria Corigliano-Rossano
33%
69 880 Puglia Altamura
31%
58 162 Umbria Foligno
31%
29 641 Friuli-Venezia Giulia Monfalcone
30%
54 268 Abruzzo Montesilvano
23%
55 875 Piemonte Moncalieri
22%
49 735 Veneto Chioggia
21%
17 832 Basilicata Pisticci
12%
4 946 Valle d'Aosta Châtillon
8%
Nessun quiz corrispondente trovato
Distribuzione punteggi
Percentuale di utenti per punteggio
Percentile per numero di risposta
I tuoi punteggi nel tempo
Non hai fatto questo quiz dall'ultimo reset